000 00790nam a2200217 a 4500
001 000037719
005 20240409073644.0
008 121115s2012 dr ac 000 0 spa d
020 _a9789945452426
040 _aDO-SdBNP
_bspa
_cBNPHU
082 _a972.93053
_bF316d
100 1 _aFéliz, Victoriano
_964177
245 1 0 _aDe Trujillo a la democracia (1930-2008) /
_cVictoriano Féliz.
260 _aSanto Domingo :
_bEl Nuevo Diario,
_c2012.
300 _a151 p. :
_bils., retrs. ;
_c22 cm.
500 _aIncluye datos biográficos del autor en la contraportada
504 _aBibliografía : p. 151
651 4 _aRepública Dominicana
_xHistoria
_y1930-2010
_964178
651 4 _aRepública Dominicana
_xPolítica Y Gobierno
_y1930-2010
_964179
910 _aValidado. Control de calidad MFF
999 _c37209
_d37209